|
|
|
|
| LEADER |
01165nam a2200313 a 4500 |
| 001 |
34680 |
| 003 |
BD-DhAAL |
| 005 |
20211111110038.0 |
| 008 |
190516r20151993njua b 001 0 eng d |
| 999 |
|
|
|c 40698
|d 40698
|
| 010 |
|
|
|a 92041469
|
| 020 |
|
|
|a 9789332549524
|
| 020 |
|
|
|a 0131756052
|
| 040 |
|
|
|a DLC
|c DLC
|d DLC
|d BD-DhAAL
|
| 050 |
0 |
0 |
|a TK5105.5
|b .B56 1993
|
| 082 |
0 |
0 |
|a 004.6
|2 20
|
| 100 |
1 |
|
|a Black, Uyless D.
|9 31643
|
| 245 |
1 |
0 |
|a Computer networks :
|b protocols, standards, and interfaces /
|c Uyless Black.
|
| 250 |
|
|
|a Second edition
|
| 260 |
|
|
|a Englewood Cliffs, N.J. :
|b Pearson,
|c c1993 [first impression 2015]
|
| 300 |
|
|
|a xii, 436 pages :
|b illustrations ;
|c 25 cm.
|
| 504 |
|
|
|a Includes bibliographical references and index.
|
| 526 |
|
|
|a CSE
|
| 541 |
|
|
|a Hye Trade International
|e 34680
|
| 650 |
|
0 |
|a Computer networks.
|9 31644
|
| 650 |
|
0 |
|a Computer science
|9 42534
|
| 852 |
|
|
|a Ayesha Abed Library
|c General Stacks
|
| 942 |
|
|
|2 ddc
|c BK
|
| 952 |
|
|
|0 0
|1 0
|2 ddc
|4 0
|6 004_600000000000000_BLA
|7 0
|9 65480
|a BRACUL
|b BRACUL
|c GEN
|d 2019-05-09
|e Hye Trade International
|g 524.00
|l 5
|m 50
|o 004.6 BLA
|p 3010034680
|r 2024-07-07
|s 2024-01-20
|t 1
|v 524.00
|w 2019-05-09
|y BK
|